[Event "Candidates Tournament"]
[Site "Madrid"]
[Date "2022.06.23"]
[Round "6"]
[White "Nepomniachtchi, Ian"]
[Black "Duda, Jan Krzysztof"]
[Result "1-0"]
[WhiteElo "2766"]
[BlackElo "2750"]
[PlyCount "69"]
[EventDate "2022.06.17"]
[EventType "tourn"]
[EventRounds "14"]
[EventCountry "ESP"]
[EventCategory "21"]
[SourceTitle "CBM 209"]
[Source "ChessBase"]
[SourceDate "2022.08.31"]
[SourceVersion "1"]
[SourceVersionDate "2022.08.31"]
[SourceQuality "1"]

1. Nf3 {Roiz,Michael} d5 2. g3 Bg4 3. Bg2 e6 4. O-O Nd7 5. h3 Bh5 6. d4 Ngf6 7. c4 c6 8. cxd5 exd5 9. Ne5 ({RR} 9. Qb3 Qb6 10. Qe3+ Be7 11. Nh4 Bg6 12. Nc3 Qd8 ({RR} 12... Kf8 13. Nxg6+ hxg6 14. Qd3 Re8 15. Rb1 Kg8 16. b4) 13. b4 ({RR} 13. Nxg6 hxg6 14. Qd3 O-O 15. Bf4 Re8 16. Rfe1 Nb6 17. Rad1 Qd7 18. Bg5 Rad8 19. h4 Nh7 20. Bxe7 Rxe7 21. e4 dxe4 22. Nxe4 Rde8) 13... b5 ({RR} 13... O-O 14. Nxg6 hxg6 15. b5 Re8 16. Qd3 Bb4 17. bxc6 bxc6 18. Bd2) 14. a4 a5 ({RR} 14... a6 15. a5 O-O 16. Nxg6 hxg6 17. Rb1 Bd6 18. Qd3 Qe7) 15. Nxg6 hxg6 16. bxa5 b4 17. Na2 O-O 18. Bd2 Re8 ({RR} 18... c5 19. dxc5 Bxc5 20. Qb3 Qxa5 21. Nxb4 Ne4 22. Bxe4 dxe4 23. Rfb1 Rfb8 24. Be1) 19. Qb3 ({RR} 19. Rfb1 c5 20. dxc5 Bxc5 21. Qd3 Ne5 22. Qb3 Qxa5 23. Nxb4 Rab8) 19... c5 20. dxc5 Nxc5 21. Qxb4 ({RR} 21. Qd1 Qxa5 22. Bxb4 ({RR} 22. Nxb4 Nce4 23. Rb1 Nxd2 24. Nc6 Qa6 25. Nxe7+ Rxe7 26. Qxd2 Rxe2) 22... Qxa4 23. Bxd5 Qxd1 24. Rfxd1 Nxd5 25. Rxd5 Nb3 26. Rb1 Rxa2 27. Bxe7 Rxe7 28. Rxb3 Rexe2) 21... Nce4 ({RR} 21... Nfe4 22. Be3 Rxa5 23. Bxe4 Nxe4 24. Bb6 Bxb4 25. Bxd8 Rxa4 26. Nxb4 Rxb4) 22. Qd4 Nxd2 ({RR} 22... Bd6 23. Qd3 Nxd2 24. Qxd2 Qxa5 25. Qxa5 Rxa5 26. Nc1 Rea8 27. Rd1 Rxa4 28. Rxa4 Rxa4 29. Bxd5 Ra1 30. Bb3) 23. Qxd2 Qxa5 {Vachier Lagrave,M (2803)-Bluebaum,M (2634) Karlsruhe/Baden-Baden 2017 CBM 178 [Roiz,Michael] 1-0 (74)}) 9... Nxe5 ({RR} 9... Ne4 10. Nd2 f5 11. g4 Nxe5 12. dxe5 Nxd2 13. Bxd2 Bg6 14. gxf5 Bxf5 15. Qb3 Qb6 16. Qg3 O-O-O 17. b4 Be7 18. a4 Qd4 19. Rfd1 Bh4 20. Qe3 Qxe3 21. Bxe3 Rhe8 22. Bd4 Be7 23. Bc3 g5 24. b5 {Rostovtsev,D (2292)-Garifullina,L (2446) Moscow RUS 2025 0-1 (55)}) 10. dxe5 Ne4 11. Nd2 Nxd2 $146 ({RR} 11... f5 12. exf6 Nxf6 13. Qb3 Qb6 14. e4 Qxb3 15. axb3 dxe4 16. g4 Bg6 17. Ra4 {½-½ (17) Aradhya,G (2412)-Aziz,H (2326) Abu Dhabi UAE 2024}) 12. Bxd2 Bc5 13. Rc1 Qe7 14. Kh2 O-O 15. g4 Bg6 16. f4 h6 17. Qe1 Rfe8 18. Qg3 Bh7 19. h4 Rad8 20. g5 hxg5 21. hxg5 Bb4 22. Bxb4 Qxb4 23. f5 Qxb2 24. e6 fxe6 25. g6 exf5 26. gxh7+ Kh8 27. Rb1 Qf6 28. Rxb7 Rxe2 29. Rxf5 Qh6+ 30. Kg1 Rxa2 31. Rbf7 Ra1+ 32. Bf1 d4 33. Rg5 Qd6 34. Qf2 Qa3 35. Rg3 1-0

[Event "Titled Tuesday intern op 21st Jun Early"]
[Site "Chess.com INT"]
[Date "2022.06.21"]
[Round "8"]
[White "Chigaev, Maksim"]
[Black "Sadhwani, Raunak"]
[Result "1-0"]
[WhiteElo "2631"]
[BlackElo "2619"]
[PlyCount "135"]
[EventDate "2022.06.21"]
[EventType "swiss (blitz)"]
[EventRounds "11"]
[EventCountry "USA"]
[SourceTitle "EXT 2023"]
[Source "ChessBase"]
[SourceDate "2022.10.05"]
[SourceVersion "1"]
[SourceVersionDate "2022.10.05"]
[SourceQuality "1"]

1. e4 e5 2. Nf3 Nc6 3. g3 Nf6 4. d3 g6 5. Bg2 d5 6. exd5 Nxd5 7. O-O Bg7 8. Re1 O-O 9. Nbd2 ({RR} 9. Nc3 Be6 10. Ng5 Nxc3 11. bxc3 Bd5 12. Ba3 Bxg2 13. Kxg2 Qxg5 14. Bxf8 Rxf8 15. Rb1 b6 16. Qf3 Qf6 17. Qd5 Rd8 18. Qb5 a5 19. Re2 Qd6 20. Qa4 Qd5+ 21. f3 h5 22. Rbe1 Qc5 23. Qb3 Qd5 {Rakhmangulova,A (2323)-Mammadova,G (2351) FIDE Online Arena INT 2024 1-0 (41)}) 9... h6 10. a3 $146 ({RR} 10. c3 Re8 11. Nb3 Nde7 12. Be3 Nf5 13. Qc2 Rb8 14. Rad1 Nxe3 15. Rxe3 Be6 16. Nc5 Bd5 17. b4 Qd6 18. Rde1 a5 19. a3 axb4 20. axb4 b6 21. Na6 Rbd8 22. b5 Ne7 23. Nb4 Qc5 24. Nxe5 Bxg2 {Gumularz,S (2580)-Socko,B (2601) Warsaw POL 2023 ½-½ (31)}) 10... a5 11. Nc4 Re8 12. Ne3 Be6 13. Rb1 a4 14. Nc4 Bc8 15. Bd2 b6 16. Bc3 Nxc3 17. bxc3 Rb8 18. Nfd2 Bb7 19. Ne4 Ne7 20. h4 Nd5 21. Ne3 Ne7 22. c4 Qd7 23. h5 f5 24. Nc3 Bxg2 25. Kxg2 g5 26. Ncd5 Rf8 27. Nxe7+ Qxe7 28. Qf3 g4 29. Qc6 Rbd8 30. Nd5 Qf7 31. Qxc7 Rd7 32. Qxb6 Qxh5 33. Qe6+ Rdf7 34. Rh1 Qg5 35. Rb7 f4 36. Rxf7 Rxf7 37. Rb1 Qh5 38. Rb7 fxg3 39. Rxf7 Qxf7 40. Qxf7+ Kxf7 41. Kxg3 h5 42. f3 gxf3 43. Kxf3 Bf8 44. Nc3 Bxa3 45. Nxa4 Be7 46. Nc3 Ke6 47. Ne4 Kf5 48. Ng3+ Kg6 49. Ne4 Kf5 50. Ng3+ Kg6 51. Ke4 h4 52. Nh1 Kf6 53. Nf2 Ke6 54. Nh3 Bd8 55. c3 Bf6 56. d4 exd4 57. cxd4 Bd8 58. c5 Kd7 59. Kd5 Kc7 60. Kc4 Be7 61. d5 Bf8 62. Kb5 Be7 63. Nf4 Kb7 64. d6 Bf6 65. c6+ Kc8 66. Kc5 Kd8 67. Kd5 Ke8 68. Ke6 1-0

[Event "Titled Tuesday intern op 21st Jun Late"]
[Site "Chess.com INT"]
[Date "2022.06.21"]
[Round "7"]
[White "Svane, Rasmus"]
[Black "Le, Tuan Minh"]
[Result "1-0"]
[WhiteElo "2649"]
[BlackElo "2514"]
[PlyCount "81"]
[EventDate "2022.06.21"]
[EventType "swiss (blitz)"]
[EventRounds "11"]
[EventCountry "USA"]
[SourceTitle "EXT 2023"]
[Source "ChessBase"]
[SourceDate "2022.10.05"]
[SourceVersion "1"]
[SourceVersionDate "2022.10.05"]
[SourceQuality "1"]

1. Nf3 d5 2. g3 Nf6 3. Bg2 Bg4 4. O-O e6 5. h3 Bh5 6. d4 c6 7. c4 Nbd7 8. cxd5 exd5 9. Ne5 Bg6 10. Nc3 Qb6 $146 ({RR} 10... Bd6 11. f4 Be4 12. Nxe4 Nxe4 13. Bxe4 dxe4 14. Qb3 O-O 15. Qxb7 Nf6 16. Nxc6 Qe8 17. Ne5 Rc8 18. Qb3 Rc7 19. Be3 Qa8 20. Rac1 Rb8 21. Qa4 Rxb2 22. Rxc7 Bxc7 23. Rc1 Qb7 24. Qc6 Qxc6 25. Rxc6 {Svane,R (2648)-Andreikin,D (2729) Chess.com INT 2022 1-0 (52)}) 11. f4 Nxe5 12. fxe5 Nd7 13. e3 Be7 14. h4 h5 15. Bh3 Nf8 16. Bf5 Bxf5 17. Rxf5 g6 18. Rf2 Ne6 19. Qf3 Rf8 20. b3 O-O-O 21. Qg2 Kb8 22. Bd2 g5 23. hxg5 Bxg5 24. Raf1 Qc7 25. Qh3 h4 26. gxh4 Bh6 27. Rg2 Qe7 28. Ne2 Rg8 29. Ng3 Qd7 30. Rff2 c5 31. Nf5 Rxg2+ 32. Rxg2 Ng7 33. e6 Nxe6 34. Nxh6 cxd4 35. exd4 Qc6 36. Nf5 Ka8 37. h5 Qc2 38. h6 Nf8 39. h7 Ng6 40. Bg5 Rh8 41. Rxc2 1-0

[Event "Seattle PNWCC Summer"]
[Site "Redmond"]
[Date "2022.06.28"]
[Round "8"]
[White "Vazquez, Guillermo"]
[Black "Nagy, Gabor"]
[Result "1-0"]
[WhiteElo "2573"]
[BlackElo "2500"]
[PlyCount "63"]
[EventDate "2022.06.24"]
[EventType "swiss"]
[EventRounds "9"]
[EventCountry "USA"]
[SourceTitle "EXT 2023"]
[Source "ChessBase"]
[SourceDate "2022.10.05"]
[SourceVersion "1"]
[SourceVersionDate "2022.10.05"]
[SourceQuality "1"]

1. Nf3 c5 2. b3 d6 3. c4 e5 4. Nc3 Nc6 5. g3 f5 6. d3 Nf6 7. Bg5 Be7 8. Bg2 O-O 9. O-O Be6 10. a3 $146 ({RR} 10. Ne1 Qd7 11. Bxf6 Bxf6 12. Nd5 f4 13. Rb1 Rae8 14. a3 Nd4 15. e3 Bg4 16. Nf3 Nc6 17. b4 fxg3 18. fxg3 Ne7 19. Nc3 Nf5 20. Qe1 e4 21. Nxe4 Nxe3 22. Qxe3 Bxf3 23. Qxf3 Bd4+ 24. Kh1 Rxf3 {Tsyhanchuk,S (2395)-Delorme,A (2353) Agneaux 2015 1-0 (38)}) 10... Ne8 11. Bxe7 Qxe7 12. Rb1 Rd8 13. b4 e4 14. Nd2 cxb4 15. axb4 exd3 16. exd3 Qf6 17. Nd5 Bxd5 18. Bxd5+ Kh8 19. b5 Ne5 20. d4 Nd7 21. Nf3 Nb6 22. Bxb7 Qf7 23. Bc6 Qxc4 24. Re1 Nc7 25. Ng5 Qg8 26. Qh5 Nc8 27. Rbc1 h6 28. Rc2 Rf6 29. Bb7 Ne6 30. Rxe6 Rxe6 31. Nf7+ Kh7 32. Qxf5+ 1-0

[Event "Titled Tuesday intern op 28th Jun Early"]
[Site "Chess.com INT"]
[Date "2022.06.28"]
[Round "3"]
[White "Kollars, Dmitrij"]
[Black "Rychagov, Andrey"]
[Result "1-0"]
[WhiteElo "2643"]
[BlackElo "2549"]
[PlyCount "73"]
[EventDate "2022.06.28"]
[EventType "swiss (blitz)"]
[EventRounds "11"]
[EventCountry "USA"]
[SourceTitle "CBM 209 Extra"]
[Source "ChessBase"]
[SourceDate "2022.09.30"]
[SourceVersion "1"]
[SourceVersionDate "2022.09.30"]
[SourceQuality "1"]

1. Nf3 d5 2. g3 c6 3. Bg2 Bg4 4. O-O Nd7 5. h3 Bh5 6. d4 Ngf6 7. c4 e6 8. cxd5 exd5 9. Ne5 Bg6 10. Nc3 Be7 11. f4 Be4 12. Nxe4 Nxe4 13. Bxe4 dxe4 14. Qb3 Nxe5 15. dxe5 Qb6+ 16. Be3 Bc5 17. Qxb6 $146 ({RR} 17. Bxc5 Qxc5+ 18. Kg2 Qb6 19. Rfd1 Qxb3 20. axb3 Ke7 21. Kf2 a5 22. Ke3 Ra6 23. Kxe4 Rb6 24. Rd3 Rd8 25. Rad1 Rxd3 26. Rxd3 Rb4+ 27. Kf3 g6 28. g4 Ke6 29. e3 c5 30. h4 b5 31. h5 gxh5 {Svane,R (2628)-Bok,B (2614) chess.com INT 2023 1-0 (54)}) 17... Bxb6 18. Kf2 f6 19. exf6 gxf6 20. Rad1 Ke7 21. a3 Rad8 22. Bxb6 axb6 23. Ke3 f5 24. g4 Ke6 25. Rg1 h6 26. gxf5+ Kxf5 27. Rxd8 Rxd8 28. Rg7 Rd1 29. Rf7+ Ke6 30. Rxb7 b5 31. Rh7 Rb1 32. b4 Kd5 33. Rd7+ Kc4 34. f5 Rh1 35. Kxe4 Rxh3 36. Rd4+ Kc3 37. Rd3+ 1-0

[Event "Titled Tuesday intern op 28th Jun Early"]
[Site "Chess.com INT"]
[Date "2022.06.28"]
[Round "6"]
[White "Jones, Gawain C B"]
[Black "Yoo, Christopher Woojin"]
[Result "1-0"]
[WhiteElo "2665"]
[BlackElo "2548"]
[PlyCount "89"]
[EventDate "2022.06.28"]
[EventType "swiss (blitz)"]
[EventRounds "11"]
[EventCountry "USA"]
[SourceTitle "CBM 209 Extra"]
[Source "ChessBase"]
[SourceDate "2022.09.30"]
[SourceVersion "1"]
[SourceVersionDate "2022.09.30"]
[SourceQuality "1"]

1. Nf3 d5 2. g3 Bf5 3. Bg2 e6 4. c4 c6 5. d3 ({RR} 5. Qb3 Qb6 6. d3 Nd7 7. O-O Ngf6 8. Nc3 Nc5 9. Qxb6 axb6 10. Nd4 Bg6 11. cxd5 exd5 12. Bh3 Be7 13. Be3 O-O 14. a3 b5 15. Rac1 Na4 16. Nxa4 Rxa4 17. Nf5 Bxf5 18. Bxf5 Re8 19. Bd2 g6 {Eljanov,P (2706)-Grachev,B (2593) chess24.com INT 2022 0-1 (39)}) ({RR} 5. Qb3 Qb6 6. O-O h6 7. d3 Nf6 8. cxd5 exd5 9. Nc3 Be7 10. Re1 O-O 11. e4 dxe4 12. dxe4 Be6 13. Qc2 Nbd7 14. Be3 Qa5 15. Nd4 Bg4 16. f3 Bh5 17. a3 Bg6 18. b4 Qd8 19. Rad1 Qe8 {Schulz,K (2166)-De Lima,V (1971) chess.com INT 2024 0-1 (55)}) 5... Nf6 6. Qb3 $146 ({RR} 6. Nbd2 Nbd7 7. b3 a5 8. Bb2 a4 9. O-O Be7 10. Re1 Bg6 11. Ne5 Nxe5 12. Bxe5 O-O 13. a3 Nd7 14. Bd4 axb3 15. Qxb3 Nc5 16. Bxc5 Bxc5 17. cxd5 cxd5 18. Qxb7 Qd6 19. Qb3 Bd4 20. Ra2 Rfb8 {Moor,S-Majzik,L (2282) Hungary 2005 ½-½ (53)}) 6... Qc8 7. Nh4 Bg6 8. Nxg6 hxg6 9. Nc3 Nbd7 10. Be3 Ng4 11. Bd2 Bc5 12. e3 Nde5 13. Qc2 dxc4 14. dxc4 Qd7 15. Ne4 Be7 16. Bc3 f5 17. Rd1 Qc7 18. h3 Nh6 19. Nd2 O-O 20. f4 Nef7 21. Nf3 Bf6 22. g4 g5 23. Bxf6 gxf6 24. Nd4 Rae8 25. O-O c5 26. Nb5 Qe7 27. Rd2 a6 28. Rfd1 Rd8 29. Nc3 Nd6 30. b3 Kh8 31. Bf3 Rg8 32. Rg2 Ndf7 33. Rxd8 Rxd8 34. Rd2 Rg8 35. Qd1 gxf4 36. Rd7 Qf8 37. exf4 fxg4 38. hxg4 Nxg4 39. Bxg4 f5 40. Kf2 Rxg4 41. Qh1+ Kg8 42. Ne2 Qh6 43. Qxh6 Nxh6 44. Rxb7 e5 45. Rb6 1-0

[Event "Titled Tuesday intern op 28th Jun Early"]
[Site "Chess.com INT"]
[Date "2022.06.28"]
[Round "8"]
[White "Nakamura, Hikaru"]
[Black "Vachier Lagrave, Maxime"]
[Result "1-0"]
[WhiteElo "2760"]
[BlackElo "2760"]
[PlyCount "111"]
[EventDate "2022.06.28"]
[EventType "swiss (blitz)"]
[EventRounds "11"]
[EventCountry "USA"]
[SourceTitle "CBM 209 Extra"]
[Source "ChessBase"]
[SourceDate "2022.09.30"]
[SourceVersion "1"]
[SourceVersionDate "2022.09.30"]
[SourceQuality "1"]

1. Nf3 Nf6 2. b3 g6 3. d4 Bg7 4. Bb2 b6 5. e3 Bb7 6. Be2 ({RR} 6. Bd3 O-O 7. Nbd2 c5 8. dxc5 bxc5 9. O-O Nc6 10. c4 d6 11. Re1 a5 12. Rb1 Qc7 13. Ne4 Nxe4 14. Bxe4 Bxb2 15. Rxb2 Nb4 16. Bxb7 Qxb7 17. e4 Rfd8 18. Qd2 Nc6 19. Qh6 e5 20. Ng5 f6 {Baradaran Tamadon,A (2304)-Lashkin,J (2451) chess.com INT 2024 0-1 (38)}) ({RR} 6. c4 O-O 7. Be2 a5 8. O-O e6 9. Qc2 Be4 10. Qc1 Bb7 11. Nc3 Ne4 12. Rd1 Nxc3 13. Bxc3 d6 14. d5 e5 15. a3 Nd7 16. b4 f5 17. Qb2 a4 18. Rac1 f4 19. e4 g5 20. Nd2 Nf6 {Nakamura,H (2760)-Shubin,K (2475) Chess.com INT 2022 1-0 (39)}) 6... O-O 7. O-O e6 8. c4 d5 $146 ({RR} 8... d6 9. Nc3 Ne4 10. Qc2 f5 11. d5 Nxc3 12. Bxc3 e5 13. b4 Nd7 14. Nd2 Nf6 15. a4 Rb8 16. f4 Nd7 17. Nf3 Re8 18. Ng5 Nf8 19. Bd3 Bf6 20. Nh3 Bc8 21. Nf2 exf4 22. exf4 Bd7 23. c5 {Martirosyan,H (2616)-Sychev,K (2545) Skopje 2019 1-0 (49)}) 9. Nc3 Nbd7 10. cxd5 Nxd5 11. Qc2 c5 12. Nxd5 Bxd5 13. Rad1 Rc8 14. e4 cxd4 15. Qb1 Bb7 16. Nxd4 a6 17. Qa1 e5 18. Nf3 Qe7 19. Nd2 Nc5 20. f3 b5 21. Ba3 Qg5 22. Kh1 Rfd8 23. Nb1 Ne6 24. Rxd8+ Rxd8 25. Bc1 Qh4 26. Be3 Nf4 27. Qb2 Qg5 28. Bd1 Qe7 29. Nc3 b4 30. Na4 Bc6 31. Nb6 Bb5 32. Rg1 Qd6 33. Qc2 h5 34. Nc4 Qe6 35. g3 Nh3 36. Rf1 g5 37. Be2 g4 38. Kg2 Qg6 39. fxg4 hxg4 40. Rf5 Rc8 41. Qd3 Bc6 42. Kf1 Bb5 43. Qd5 Bc6 44. Nxe5 Bxd5 45. Nxg6 Bxe4 46. Ne7+ Kf8 47. Rxf7+ Kxf7 48. Nxc8 Bf3 49. Bxa6 Ke6 50. Nb6 Bc3 51. Bd3 Kf6 52. Bc4 Ke5 53. Bd3 Kf6 54. Na4 Be5 55. Nc5 Ng5 56. Nd7+ 1-0

[Event "Titled Tuesday intern op 28th Jun Late"]
[Site "Chess.com INT"]
[Date "2022.06.28"]
[Round "4"]
[White "Van Foreest, Jorden"]
[Black "Zhigalko, Sergei"]
[Result "1-0"]
[WhiteElo "2702"]
[BlackElo "2572"]
[PlyCount "95"]
[EventDate "2022.06.28"]
[EventType "swiss (blitz)"]
[EventRounds "11"]
[EventCountry "USA"]
[SourceTitle "CBM 209 Extra"]
[Source "ChessBase"]
[SourceDate "2022.09.30"]
[SourceVersion "1"]
[SourceVersionDate "2022.09.30"]
[SourceQuality "1"]

1. g3 d5 2. Bg2 c6 3. Nf3 Bg4 4. h3 Bh5 5. b3 ({RR} 5. d3 e6 6. Nbd2 Bd6 7. b3 Ne7 8. Bb2 O-O 9. O-O Nd7 10. e4 c5 11. Re1 Rc8 12. Qc1 b5 13. Nh4 f6 14. exd5 exd5 15. c4 Ne5 16. Qc2 bxc4 17. bxc4 Bf7 18. Rab1 Qd7 19. Nhf3 N5c6 {Karjakin,S (2771)-Meier,G (2632) Dubai 2014 0-1 (40)}) ({RR} 5. d4 Nd7 6. c4 e6 7. cxd5 exd5 8. Nc3 Ngf6 9. Ne5 Nxe5 10. dxe5 Nd7 11. O-O Be7 12. f4 f5 13. Be3 Bc5 14. Bf2 Rc8 15. Na4 Bxf2+ 16. Rxf2 b5 17. Nc3 Nc5 18. Qd4 Qb6 19. Rc1 O-O {Keymer,V (2730)-Lodici,L (2556) Baden Baden GER 2025 ½-½ (62)}) 5... Nf6 6. Bb2 e6 7. d3 a5 $146 ({RR} 7... Qa5+ 8. Nfd2 Nbd7 9. O-O e5 10. Qe1 Be7 11. e4 O-O 12. a3 Rfe8 13. Nc3 Rac8 14. Kh1 Qc7 15. f4 exf4 16. gxf4 dxe4 17. dxe4 Nb6 18. e5 Nfd5 19. Nce4 Qd8 20. Qf2 f5 21. exf6 Nxf6 22. Qg3 {Onischuk,V (2516)-Fedoseev,V (2546) Voronezh 2012 1-0 (81)}) 8. a3 Be7 9. Nbd2 O-O 10. g4 Bg6 11. h4 h5 12. g5 Ng4 13. e3 Qb6 14. Qe2 a4 15. O-O axb3 16. Nxb3 Ra4 17. Rfb1 Nd7 18. Nfd2 Rfa8 19. Bd4 Qc7 20. Nf1 Rxa3 21. Rxa3 Rxa3 22. Bb2 Ra2 23. Nc1 Ra8 24. d4 Bd6 25. f3 Nh2 26. Nd2 Bg3 27. Bh3 Bxc2 28. Ra1 Rxa1 29. Bxa1 Qa5 30. Ndb3 Bxb3 31. Nxb3 Qa4 32. Kg2 Bd6 33. Qc2 Nb6 34. Bb2 Qa2 35. Nc1 Nc4 36. Nxa2 Nxe3+ 37. Kf2 Nxc2 38. Nc1 c5 39. dxc5 Bxc5+ 40. Kg2 Bd6 41. Nd3 Ne3+ 42. Kf2 Nd1+ 43. Kg2 Nxb2 44. Nxb2 b5 45. g6 b4 46. Nd3 b3 47. Kf2 f5 48. Ke3 1-0

[Event "Alushta Blitz op"]
[Site "Alushta"]
[Date "2022.07.02"]
[Round "5"]
[White "Triapishko, Alexandr"]
[Black "Grachev, Boris V"]
[Result "1-0"]
[WhiteElo "2506"]
[BlackElo "2619"]
[PlyCount "60"]
[EventDate "2022.07.02"]
[EventType "swiss (blitz)"]
[EventRounds "13"]
[EventCountry "UKR"]
[SourceTitle "CBM 209 Extra"]
[Source "ChessBase"]
[SourceDate "2022.09.30"]
[SourceVersion "1"]
[SourceVersionDate "2022.09.30"]
[SourceQuality "1"]

1. Nf3 d5 2. g3 c6 3. Bg2 Bf5 4. O-O e6 5. c4 h6 6. d3 dxc4 7. dxc4 Nd7 8. Nc3 Ngf6 9. Be3 ({RR} 9. Bf4 Be7 10. Qd2 Nc5 11. Rfd1 O-O 12. Ne5 Qxd2 13. Rxd2 Rfd8 14. Rad1 Rxd2 15. Rxd2 a5 16. f3 Rd8 17. Rxd8+ Bxd8 18. e4 Bh7 19. Be3 Nfd7 20. Nxd7 Nxd7 21. Kf2 Kf8 22. Na4 f6 23. Ke2 {½-½ (23) Jakovenko,D (2713)-Grachev,B (2683) Khanty-Mansiysk 2013}) ({RR} 9. b3 Qc7 10. Bf4 e5 11. Be3 Be7 12. Qc1 O-O 13. Rd1 Rfd8 14. h3 Bh7 15. g4 Ne4 16. Nxe4 Bxe4 17. Qc3 Bxf3 18. Bxf3 a5 19. Be4 Nf8 20. Bf5 g6 21. Bc2 Bg5 22. Bxg5 hxg5 23. Qe3 Ne6 {Demidov,M (2514)-Grachev,B (2626) Sochi 2018 ½-½ (40)}) 9... Qc7 $146 ({RR} 9... Be7 10. h3 Qc7 11. Qc1 e5 12. b3 O-O 13. Rd1 Rfd8 14. Qb2 Bc5 15. Bxc5 Nxc5 16. b4 Ne6 17. e3 a5 18. a3 e4 19. Nd4 Nxd4 20. exd4 axb4 21. axb4 Rxa1 22. Qxa1 e3 23. Qb2 exf2+ 24. Qxf2 {Schwabeneder,F (2402)-Aakash Sharadchandra,D (2130) Krakow POL 2024 0-1 (37)}) ({RR} 9... Be7 10. Qb3 Qc7 11. h3 O-O 12. Na4 e5 13. Rac1 Rfd8 14. Rfd1 Ne4 15. g4 Bg6 16. c5 Ng5 17. Bxg5 hxg5 18. Qe3 Re8 19. Nxg5 Nf6 20. Be4 Nxg4 21. hxg4 Bxg5 22. Qxg5 Bxe4 23. Nc3 Bg6 24. Rd6 {Srihari,L (2494)-Sriram Adarsh Uppala (2306) Taleigao IND 2025 1-0 (45)}) 10. a3 a5 11. h3 Be7 12. Nd2 O-O 13. Nde4 Rfd8 14. Nxf6+ Bxf6 15. Qb3 Rab8 16. Rac1 Be7 17. Na4 b6 18. Rfd1 Nc5 19. Rxd8+ Qxd8 20. Nxc5 bxc5 21. Qa4 Qb6 22. b3 Qxb3 23. Qxa5 Qb6 24. Qxb6 Rxb6 25. a4 Ra6 26. Ra1 Bf6 27. Ra2 Bb1 28. Ra3 Bc2 29. a5 Bd4 30. Bd2 Bf5 1-0

[Event "Chess.com Rapid Wk19 Swiss"]
[Site "Chess.com INT"]
[Date "2022.07.02"]
[Round "8"]
[White "Yoo, Christopher Woojin"]
[Black "Kramnik, Vladimir"]
[Result "1-0"]
[WhiteElo "2550"]
[BlackElo "2753"]
[PlyCount "69"]
[EventDate "2022.07.02"]
[EventType "swiss (rapid)"]
[EventRounds "9"]
[EventCountry "USA"]
[SourceTitle "CBM 209 Extra"]
[Source "ChessBase"]
[SourceDate "2022.09.30"]
[SourceVersion "1"]
[SourceVersionDate "2022.09.30"]
[SourceQuality "1"]

1. e4 e6 2. d3 d5 3. Nd2 c5 4. Ngf3 Nc6 5. g3 Bd6 6. Bg2 Nge7 7. O-O O-O 8. Re1 Qc7 9. c3 Bd7 10. Qe2 f6 11. a3 Kh8 $146 ({RR} 11... b5 12. b4 cxb4 13. axb4 a5 14. bxa5 Rxa5 15. Rxa5 Qxa5 16. Bh3 f5 17. exf5 Nxf5 18. Bb2 Qb6 19. Nb3 e5 20. Bg2 Kh8 21. Ra1 Nfe7 22. Bc1 Bg4 23. Be3 Qb8 24. h3 Bh5 25. g4 Bf7 26. Ng5 {Gurgenidze,B-Khasin,A Minsk 1962 0-1 (36)}) ({RR} 11... Rad8 12. b4 a5 13. b5 Ne5 14. a4 Nf7 15. Bb2 Rfe8 16. Rac1 Rc8 17. h4 Qd8 18. Qf1 Bb8 19. Ba3 b6 20. h5 Kh8 21. Re2 e5 22. d4 dxe4 23. Nxe4 cxd4 24. cxd4 Rxc1 25. Qxc1 Bg4 26. dxe5 {Yu Yangyi (2720)-Holt,C (2540) chess.com INT 2024 1-0 (43)}) 12. b4 b6 13. Bb2 Be8 14. d4 cxd4 15. cxd4 Qd8 16. Bh3 Bd7 17. e5 fxe5 18. dxe5 Bc7 19. Ng5 Nf5 20. Qh5 h6 21. Nf7+ Rxf7 22. Qxf7 Be8 23. Qf8+ Kh7 24. Bxf5+ exf5 25. Qxf5+ Bg6 26. Qg4 d4 27. Nf3 Qd5 28. Rad1 Rd8 29. Nh4 Bc2 30. Rd2 Qb3 31. Nf5 g6 32. Nxd4 Qxb2 33. Rxc2 Rxd4 34. Rxb2 Rxg4 35. Rc2 1-0

[Event "Titled Tuesday intern op 05th Jul Early"]
[Site "Chess.com INT"]
[Date "2022.07.05"]
[Round "2"]
[White "Hansen, Sune Berg"]
[Black "Esipenko, Andrey"]
[Result "1-0"]
[WhiteElo "2525"]
[BlackElo "2682"]
[PlyCount "73"]
[EventDate "2022.07.05"]
[EventType "swiss (blitz)"]
[EventRounds "11"]
[EventCountry "USA"]
[SourceTitle "CBM 209 Extra"]
[Source "ChessBase"]
[SourceDate "2022.09.30"]
[SourceVersion "1"]
[SourceVersionDate "2022.09.30"]
[SourceQuality "1"]

1. Nf3 d5 2. g3 Nf6 3. Bg2 c5 4. O-O e6 5. d3 Nc6 6. Nbd2 g6 7. e4 Bg7 8. Re1 O-O 9. c3 b6 10. Nf1 ({RR} 10. exd5 exd5 11. Nb3 a5 12. a4 Bf5 13. Bf4 Ra7 14. d4 Ne4 15. dxc5 Nxc5 16. Nbd4 Nxd4 17. Nxd4 Bxd4 18. Qxd4 Ne6 19. Qd2 Nxf4 20. Qxf4 Rd7 21. Rad1 Bc2 22. Rd4 Bb3 23. h4 h5 24. Qd2 Rd6 {Bachmann,A (2621)-Libiszewski,F (2520) Stockholm 2016 ½-½ (45)}) 10... dxe4 ({RR} 10... Ba6 11. e5 Nd7 12. Bf4 b5 13. b3 Rc8 14. h4 c4 15. bxc4 dxc4 16. d4 b4 17. cxb4 Qb6 18. Rb1 c3 19. b5 c2 20. Qxc2 Nxd4 21. Qe4 Nxf3+ 22. Qxf3 Bxb5 23. a4 Bc6 24. Rxb6 Bxf3 25. Ra6 {Lenoir Ibacache,G (2225)-Goryachkina,A (2557) chess.com INT 2023 ½-½ (46)}) 11. dxe4 Bb7 12. Qe2 $146 ({RR} 12. Qxd8 Rfxd8 13. e5 Nd5 14. Bg5 Nde7 15. Nd4 cxd4 16. Bxe7 Nxe7 17. Bxb7 Rab8 18. Bg2 dxc3 19. bxc3 Rbc8 20. Rad1 Rxd1 21. Rxd1 Bxe5 22. Rd7 Kf8 23. Rxa7 Rxc3 24. Ra8+ Kg7 25. Ra7 Bd6 26. Rd7 Bc5 {Garcia Ciuffani,M (1764)-Benedetti,J (2090) La Plata 2012 0-1 (35)}) 12... Qc8 13. e5 Nd5 14. h4 Ba6 15. Qe4 Rd8 16. N1h2 Qc7 17. h5 Nde7 18. hxg6 hxg6 19. Ng4 Bd3 20. Qf4 Nd5 21. Nh6+ Kf8 22. Qh4 Nxe5 23. Ng5 Bf5 24. g4 Nxg4 25. Nxg4 Rac8 26. Nh6 Rd7 27. Nxf5 exf5 28. c4 Nf6 29. Bf4 Qd8 30. Nh7+ Kg8 31. Bg5 Rd6 32. Bd5 b5 33. Rad1 Qb6 34. Nxf6+ Bxf6 35. Qh6 Bg7 36. Bxf7+ Kxf7 37. Re7+ 1-0